Kleine, aber bekannte Städte in Deutschland - Statistiken

Allgemein
  • Dieses Quiz wurde 135 mal gespielt
  • Das Durchschnittsergebnis liegt bei 13 aus 25
Antwortstatistiken
Beschreibung Region Einwohner Stadt % Korrekt
Älteste Universität Deutschlands, weltbekannte Altstadt Baden-Württemberg 155.756 Heidelberg
87%
Weltberühmte Altstadt an der Tauber Bayern 11.365 Rothenburg ob der Tauber
86%
Landeshauptstadt, berühmtes Schloss Nordostdeutschland 98.308 Schwerin
81%
Drei-Flüsse-Stadt, barocke Altstadt Bayern 53.039 Passau
76%
Goethe, Schiller, Bauhaus Ostdeutschland 65.954 Weimar
72%
Richard Wagner, Festspiele, Opernhaus Bayern 72.940 Bayreuth
71%
Wintersport, Wettersteingebirge Bayern 28.305 Garmisch-Partenkirchen
66%
Thermalquellen, Spielbank Baden-Württemberg 56.881 Baden-Baden
63%
Wartburg, Luther, Bach Ostdeutschland 40.747 Eisenach
62%
Traditionsreiche Uni, Stocherkähne Baden-Württemberg 92.322 Tübingen
62%
Bodensee-Insel, Leuchtturm & Löwenfigur Bayern 25.845 Lindau
59%
UNESCO-Altstadt, Hansestadt, "Tor zur Insel Rügen" Nordostdeutschland 54.094 Stralsund
54%
Kaiserdom, historische Bedeutung, Rhein Südwestdeutschland 51.203 Speyer
52%
UNESCO-Altstadt, Hansestadt, nahe Poel Nordostdeutschland 43.329 Wismar
51%
Kurort, Alpensalz, Nahe Salzburg Bayern 18.288 Bad Reichenhall
46%
Karl-May-Spiele, Trave, Kalkberg Norddeutschland 18.399 Bad Segeberg
44%
UNESCO-Altstadt, Fachwerkparadies Ostdeutschland 23.139 Quedlinburg
44%
Watzmann, Nationalpark, Kehlsteinhaus Bayern 7.697 Berchtesgaden
43%
Harz, UNESCO-Welterbe-Altstadt, Kaiserpfalz Norddeutschland 47.419 Goslar
40%
Mosel, Reichsburg, Weinbau Südwestdeutschland 5.346 Cochem
39%
Hunsrück-Hochwald, Felsenkirche, Edelsteine Südwestdeutschland 29.158 Idar-Oberstein
38%
Passionsspiele, Lüftlmalerei Bayern 5.132 Oberammergau
29%
Alpenstadt mit barocker Marktstraße, bekannt aus Film & Fernsehen Bayern 19.826 Bad Tölz
25%
Leica-Stadt, Goethe, Lahn, Dom Südwestdeutschland 54.665 Wetzlar
24%
Eifel, Hohes Venn, Fachwerkidylle Nordrhein-Westfalen 12.389 Monschau
21%
Keine übereinstimmenden Quizze gefunden
Verteilung der Resultate
Anzahl Personen mit jedem Resultat
Perzentil nach korrekt beantworteten Fragen
Ihre Resultats-Entwicklung
Sie haben dieses Quiz noch nicht gespielt